000 00984nam a2200289Ia 4500
001 Para_1159
003 CHAP
008 220125s1997 xx 000 0 und d
010 _a199885
040 _cCHAP
090 _aPA TESIS 1125
100 _aJulian Caballero, Cirilo
_962332
245 _aEl modelo educativo alternativo en la Universidad Autónoma Chapingo :
_b experiencia académica en dos Centros Regionales /
_c por Cirilo julian Caballero
260 _aChapingo, Méx. :
_b El autor
300 _a219 h.
502 _aTesis (Ing. Agr. Esp. en Parasitología Agrícola), UACh. Depto. Parasitología
650 _aAgricultura
_x estudio y enseñanza
_91474
650 _aEscuelas agrícolas
_937623
710 _aUACh. Departamento Parasitología Agrícola
_9164025
901 _aPA TESIS 1125
902 _aA
905 _a0000001997 0000000000 00
910 _a1997
942 _cPARA
942 _cPARA
_d1
999 _c199885
_d199885